000 00572nam a2200241 a 4500
001 nice12345678
003 IN_TiNIC
005 20260116011355.0
008 050524s1963 dela grp 000 0 urd
020 _a
_c3
082 0 0 _a891.43909
_bZAE
100 _aZaedi, Ali Jawad
245 _aAap Se Miliye
260 _aDelhi
_bMaktaba Shah Rah
_c1963
300 _a176p
500 _aincludes index and biblioraphy
505 2 _aBibliography
650 _aBiography-Urdu Writers
700 1 _aZaedi, Ali Jawad
902 _bSRS
942 _cBK
999 _c960
_d960